Decepticons in the Transformer Trilogy - Statistics

General Stats
  • This quiz has been taken 41 times
  • The average score is 26 of 40
Answer Stats
Hint Answer % Correct
Mack Titan 10-Wheeler Fuel Tank Truck Megatron
100%
Lockheed Martin F-22 Raptor Starscream
100%
2016 Ford Mustang Police Car Barricade
78%
MH-53J Pave Low III Blackout
78%
Buffalo H Mine-Protected Vehicle Bonecrusher
78%
M1 Abrams Brawl
78%
Cybertronian Worm Driller
78%
PGX Boombox Frenzy
78%
Deformed Decepticon (Follows Megatron) Igor
78%
Caterpillar 773B Dump Truck Long Haul
78%
Mack Concrete Mixer Truck Mixmaster
78%
Pretender Alice
67%
Chevrolet Suburban Emergency Vehicles Crankcase
67%
Chevrolet Suburban Emergency Vehicles Crowbar
67%
Terex O&K RH 400 Hydraulic Mining Excavator Demolisher
67%
Freightliner Argosy Cab Over Truck Galvatron
67%
CH-53E Super Stallion Helicopter Grindor
67%
Chevrolet Suburban Emergency Vehicles Hatchet
67%
KOBELCO CKE2500 II Crawler Cane Hightower
67%
Western Star 4900SF Tow Truck Onslaught
67%
KW Dart D4661 Tractor Truck Overload
67%
Caterpillar D9T Bulldozer Rampage
67%
Cybertronian Jaguar Ravage
67%
Cybertronian Scorpion Scorponok
67%
Cybertronian Artillery Vehicle Shockwave
67%
Audi R8 Sideways
67%
Mercedes-Benz SLS AMG Soundwave
67%
Microscope The Doctor
67%
Volkswagen Type 2 Dreadbot
56%
Superfund Security Truck Loader
56%
Confederate Motorcycle Mohawk
56%
JAS-29 Gripen Fighter Jet Nitro Zeus
56%
A Combination of Microcons Reedman
56%
Caterpillar 992G Scoop Loader Scrapper
56%
2013 Pagini Huayra Stinger
56%
Russian MAZ-7310 Missile Launcher Devcon
44%
Isuzu Giga Garbage Truck of Waste Management Inc. Junkheap
44%
A Variety of Machines Laserbeak
44%
Volvo EC700C Crawler Excavator Scrapmetal
44%
Chevrolet Trax Trax
33%
No matching quizzes found
Score Distribution
Percent of People with Each Score
Percentile by Number Answered
Your Score History
You have not taken this quiz